000
00184nam a2200073Ia 4500
008
170620s9999 xx 000 0 und d
100
_a
Kalra
245
0
_a
TEACHING AND INCLUDING A HEALTHY LIFE STYLE
260
_b
SHIPRA
999
_c
26877
_d
26877